000 00484nam a2200157 i 4500
001 39770
003 ES-MaACL
005 20230906160057.0
007 t|
008 030304s1965 xxu ||||1| eng d
100 1 _aCanfield, Eugene B.
_934495
245 1 0 _aElectromechanical control systems and devices /
_cEugene B. Canfield.
260 _aNew York, etc. :
_bJohn Wiley and Sons (s.i.),
_c[1965]
300 _aXIII, 328 p. :
_bil. ;
_c24 cm.
852 _aES-MaACL
_jC-56348
_bR.89003
999 _c39770
_d39770